000
00260nam a22001097a 4500
082
_a
355.0 HAL'D
100
_a
HALBERN, AUTO
_9
56235
245
_a
DUSHMAN KAY AQAB MIAN JUNG
260
_a
RAWALPINDI
_b
ARMY EDUCATION PRESS
_c
1975
300
_a
287P
942
_c
BK
999
_c
566717
_d
566717